[Event "Valasska Bystrice op"]
[Site "Valasska Bystrice"]
[Date "2023.09.16"]
[Round "9"]
[White "Vaculik, Jakub"]
[Black "Zajicek, Tomas"]
[Result "1-0"]
[WhiteElo "2202"]
[BlackElo "1939"]
[PlyCount "67"]
[EventDate "2023.09.09"]
[EventType "swiss"]
[EventRounds "9"]
[EventCountry "CZE"]
[SourceTitle "EXT 2024"]
[Source "ChessBase"]
[SourceDate "2023.10.10"]
[SourceVersion "1"]
[SourceVersionDate "2023.10.10"]
[SourceQuality "1"]

1. c4 d6 2. Nc3 Nf6 3. g3 Nbd7 4. Bg2 e5 5. d3 c6 6. e4 Be7 7. h3 0-0 8. Nge2 Re8 9. Be3 Bf8 10. Qd2 Nb6 11. 0-0 Qc7 12. Kh2 Be6 13. f4 Rad8 14. b3 Bc8 15. a4 a5 16. d4 Nbd7 17. Rad1 Nb8 18. Nc1 exd4 19. Bxd4 Nfd7 20. Qf2 Na6 21. Nd3 Ndc5 22. Nxc5 Nxc5 23. e5 b6 24. Bxc5 dxc5 25. Qf3 Bb7 26. Ne4 Rd4 27. Qh5 Red8 28. Rxd4 Rxd4 29. f5 Bc8 30. e6 fxe6 31. Ng5 h6 32. Nxe6 Bxe6 33. fxe6 Rd3 34. Rxf8+ 1-0

[Event "CZE-chT2E 2223"]
[Site "Czech Republic"]
[Date "2023.01.22"]
[Round "7.4"]
[White "Vaculik, Jakub"]
[Black "Zabloudil, Radek"]
[Result "1-0"]
[WhiteElo "2213"]
[BlackElo "1894"]
[PlyCount "55"]
[EventDate "2022.10.16"]
[EventType "team-tourn"]
[EventRounds "11"]
[EventCountry "CZE"]
[SourceTitle "EXT 2024"]
[Source "ChessBase"]
[SourceDate "2023.10.10"]
[SourceVersion "1"]
[SourceVersionDate "2023.10.10"]
[SourceQuality "1"]
[WhiteTeam "Grygov"]
[BlackTeam "Vyskov"]
[WhiteTeamCountry "CZE"]
[BlackTeamCountry "CZE"]

1. c4 c5 2. Nc3 g6 3. d3 Bg7 4. e4 Nc6 5. Be3 d6 6. Qd2 Rb8 7. Nge2 a6 8. d4 cxd4 9. Nxd4 Nf6 10. f3 0-0 11. Be2 Nxd4 12. Bxd4 Bd7 13. g4 Qa5 14. h4 h5 15. Qg5 Qxg5 16. hxg5 Ne8 17. Bxg7 Nxg7 18. Nd5 Rfe8 19. Kf2 b5 20. gxh5 Nxh5 21. f4 bxc4 22. Bxh5 gxh5 23. Rxh5 Kg7 24. Rah1 Rh8 25. Rxh8 Rxh8 26. Rxh8 Kxh8 27. Nxe7 a5 28. Ke3 1-0

[Event "Prague op 21st"]
[Site "Prague"]
[Date "2023.01.12"]
[Round "8"]
[White "Vaculik, Jakub"]
[Black "Ivanov, Mike"]
[Result "0-1"]
[WhiteElo "2200"]
[BlackElo "2319"]
[PlyCount "94"]
[EventDate "2023.01.06"]
[EventType "swiss"]
[EventRounds "9"]
[EventCountry "CZE"]
[SourceTitle "CBM 212 Extra"]
[Source "ChessBase"]
[SourceDate "2023.03.31"]
[SourceVersion "1"]
[SourceVersionDate "2023.03.31"]
[SourceQuality "1"]

1. c4 e5 2. Nc3 Nc6 3. g3 Bc5 4. Bg2 a6 5. d3 d6 6. Nf3 Nge7 7. a3 0-0 8. 0-0 h6 9. Ne1 f5 10. Nd5 Nxd5 11. Bxd5+ Kh8 12. e3 Qe8 13. Bf3 a5 14. b3 Bb6 15. Ng2 Be6 16. Bb2 Rd8 17. d4 Bf7 18. dxe5 dxe5 19. Qc2 e4 20. Be2 Bc5 21. Nh4 Qe6 22. Rfd1 Be7 23. Ng2 Bf6 24. Nf4 Qe7 25. Bh5 Bxh5 26. Nxh5 Bxb2 27. Qxb2 Ne5 28. Nf4 Kh7 29. Kg2 g5 30. Nd5 Qg7 31. b4 a4 32. b5 Rde8 33. b6 c6 34. Nc7 Re7 35. Qd4 Qf7 36. c5 Qh5 37. Qd6 Qf3+ 38. Kg1 Rff7 39. Ne6 Rd7 40. Qxe5 Rxd1+ 41. Rxd1 Qxd1+ 42. Kg2 Qf3+ 43. Kg1 Qd1+ 44. Kg2 Qd7 45. g4 Qd1 46. Qc7 Rxc7 47. bxc7 f4 0-1

[Event "Valasska Bystrice op 13th"]
[Site "Valasska Bystrice"]
[Date "2022.09.15"]
[Round "7"]
[White "Kapusta, Petr"]
[Black "Vaculik, Jakub"]
[Result "1/2-1/2"]
[WhiteElo "2130"]
[BlackElo "2214"]
[PlyCount "103"]
[EventDate "2022.09.10"]
[EventType "swiss"]
[EventRounds "9"]
[EventCountry "CZE"]
[SourceTitle "CBM 210 Extra"]
[Source "ChessBase"]
[SourceDate "2022.11.30"]
[SourceVersion "1"]
[SourceVersionDate "2022.11.30"]
[SourceQuality "1"]

1. e4 e6 2. d4 d5 3. Nd2 c5 4. exd5 Qxd5 5. Ngf3 cxd4 6. Bc4 Qd7 7. 0-0 Nc6 8. Nb3 a6 9. Nbxd4 Nxd4 10. Nxd4 Qc7 11. Bb3 Bd6 12. h3 Ne7 13. Bg5 0-0 14. c3 Ng6 15. Re1 Bd7 16. h4 Bh2+ 17. Kh1 Bf4 18. Qg4 Bxg5 19. Qxg5 h6 20. Qg4 Rae8 21. Rad1 Qf4 22. Qxf4 Nxf4 23. g3 Ng6 24. Kg2 Rd8 25. f4 Ne7 26. Kf2 Nc6 27. Nf3 Bc8 28. Ne5 Nxe5 29. fxe5 Rd7 30. Ke3 Rfd8 31. Rxd7 Bxd7 32. Rd1 Kf8 33. Ba4 Ke7 34. Rxd7+ Rxd7 35. Bxd7 Kxd7 36. Kd4 Kc6 37. c4 a5 38. b3 f6 39. h5 Kb6 40. a3 Kc6 41. b4 axb4 42. axb4 b5 43. Kd3 Kb6 44. Kd4 Kc6 45. Kc3 Kb6 46. Kd3 Kc6 47. Kd4 Kb6 48. cxb5 Kxb5 49. Kc3 Kc6 50. Kc4 Kb6 51. Kd4 Kc6 52. Kc4 1/2-1/2

[Event "Valasska Bystrice op 13th"]
[Site "Valasska Bystrice"]
[Date "2022.09.13"]
[Round "5"]
[White "Vaculik, Jakub"]
[Black "Malinovsky, Petr"]
[Result "1-0"]
[WhiteElo "2214"]
[BlackElo "1976"]
[PlyCount "115"]
[EventDate "2022.09.10"]
[EventType "swiss"]
[EventRounds "9"]
[EventCountry "CZE"]
[SourceTitle "CBM 210 Extra"]
[Source "ChessBase"]
[SourceDate "2022.11.30"]
[SourceVersion "1"]
[SourceVersionDate "2022.11.30"]
[SourceQuality "1"]

1. c4 e6 2. Nc3 d5 3. cxd5 exd5 4. d4 c6 5. Nf3 Bf5 6. Bg5 Be7 7. Bxe7 Qxe7 8. e3 Nd7 9. Be2 Ngf6 10. 0-0 h6 11. a3 0-0 12. Qb3 b5 13. Qb4 Qe6 14. Qa5 Nb6 15. b3 Rfb8 16. Rfc1 Bg4 17. Ne5 Nbd7 18. Bxg4 Nxg4 19. Nxg4 Qxg4 20. Na2 Rb6 21. Nb4 Qe6 22. Ra2 a6 23. Rac2 Rc8 24. Nd3 Rbb8 25. h3 Qd6 26. Nc5 Nf6 27. Qb4 Ra8 28. Nb7 Qe6 29. Na5 c5 30. dxc5 Ra7 31. Qf4 Rac7 32. b4 g5 33. Qf3 g4 34. hxg4 Nxg4 35. Rd2 Rd7 36. Nb3 Ne5 37. Qg3+ Kh7 38. Nd4 Qf6 39. Qf4 Qxf4 40. exf4 Nc4 41. Re2 Kg6 42. Rc3 Kf6 43. Rh3 Rh8 44. g4 Rdd8 45. Kg2 Rdg8 46. Kf3 Ra8 47. Rh5 Nxa3 48. Rf5+ Kg6 49. Nc6 Nc4 50. Ne7+ Kg7 51. Rxd5 a5 52. c6 axb4 53. Rxb5 Ra3+ 54. Kg2 b3 55. c7 Nd6 56. Rb6 Ra2 57. Rxd6 Rxe2 58. Nf5+ 1-0

[Event "CZE-chT2D 1718"]
[Site "Czech Republic"]
[Date "2017.11.19"]
[Round "3.1"]
[White "Hrabusa, Matej"]
[Black "Vaculik, Jakub"]
[Result "1-0"]
[WhiteElo "2359"]
[BlackElo "2226"]
[PlyCount "49"]
[EventDate "2017.10.15"]
[EventType "team-tourn"]
[EventRounds "11"]
[EventCountry "CZE"]
[SourceTitle "EXT 2022"]
[Source "ChessBase"]
[SourceDate "2021.10.06"]
[SourceVersion "1"]
[SourceVersionDate "2021.10.06"]
[SourceQuality "1"]
[WhiteTeam "Polabiny III"]
[BlackTeam "Velke Losiny"]
[WhiteTeamCountry "CZE"]
[BlackTeamCountry "CZE"]

1. Nf3 Nf6 2. c4 c6 3. g3 d5 4. Bg2 e6 5. 0-0 Nbd7 6. d4 Be7 7. b3 b6 8. Qc2 Bb7 9. Nc3 Rc8 10. Rd1 Qc7 11. e4 dxe4 12. Nxe4 Nxe4 13. Qxe4 Nf6 14. Qe5 Qxe5 15. Nxe5 0-0 16. a4 Rfd8 17. a5 Nd7 18. Be3 f6 19. Nd3 Bd6 20. axb6 axb6 21. Ra7 Ba8 22. Rda1 Nf8 23. b4 Ng6 24. b5 Ne7 25. c5 1-0

[Event "CZE-chT2D 1718"]
[Site "Czech Republic"]
[Date "2017.10.15"]
[Round "1.2"]
[White "Vaculik, Jakub"]
[Black "Malivanek, Jiri"]
[Result "1/2-1/2"]
[WhiteElo "2226"]
[BlackElo "2077"]
[PlyCount "63"]
[EventDate "2017.10.15"]
[EventType "team-tourn"]
[EventRounds "11"]
[EventCountry "CZE"]
[SourceTitle "EXT 2022"]
[Source "ChessBase"]
[SourceDate "2021.10.06"]
[SourceVersion "1"]
[SourceVersionDate "2021.10.06"]
[SourceQuality "1"]
[WhiteTeam "Velke Losiny"]
[BlackTeam "Pardubice Eurobit"]
[WhiteTeamCountry "CZE"]
[BlackTeamCountry "CZE"]

1. d4 d5 2. c4 c6 3. g3 dxc4 4. Bg2 Nd7 5. Nf3 Ngf6 6. 0-0 b5 7. Qc2 Bb7 8. Rd1 e6 9. a4 a6 10. Nc3 Nd5 11. e4 Nxc3 12. Qxc3 a5 13. Bg5 f6 14. Be3 Bb4 15. Qc2 Qe7 16. Nh4 0-0 17. d5 Nc5 18. dxc6 Bxc6 19. axb5 Bxb5 20. e5 Rad8 21. Rxd8 Rxd8 22. exf6 gxf6 23. Nf3 Nb3 24. Rd1 Rxd1+ 25. Qxd1 Qd7 26. Nd4 f5 27. Qh5 Nxd4 28. Qg5+ Kf7 29. Qh5+ Kg8 30. Qg5+ Kf7 31. Qh5+ Kg8 32. Qg5+ 1/2-1/2